Państwa nad Morzem Czarnym z mapą - Statystyki

Ogólne statystyki
  • Ten quiz został rozwiązany 28 547 razy
  • Średni wynik to 6 z 6
Odpowiedzi na mapie
Odpowiedzi zakodowano w zielono-czerwonej skali na mapie do tego quizu, zgodnie z poniższymi procentami.
 
Statystyki odpowiedzi
Państwo % Poprawnych
Turcja
98%
Ukraina
97%
Rosja
96%
Rumunia
96%
Bułgaria
95%
Gruzja
89%
Nie znaleziono quizów pasujących do podanych kryteriów
Rozkład punktacji
Procent ludzi z każdym wynikiem
Percentyl według liczby udzielonych odpowiedzi
Twoja historia wyników
Nie rozwiązałeś tego quizu